Las artes decorativas y su aplicación (Record no. 2089)

MARC details
000 -CABECERA
campo de control de longitud fija 00604nam a2200193 a 4500
001 - NÚMERO DE CONTROL
campo de control BRCA_2346
005 - FECHA Y HORA DE LA ÚLTIMA TRANSACCIÓN
campo de control 20190320203753.0
008 - DATOS DE LONGITUD FIJA--INFORMACIÓN GENERAL
campo de control de longitud fija 091008s1944----mx-a---###---#000-0#spa-#
050 #4 - SIGNATURA TOPOGRÁFICA DE LA BIBLIOTECA DEL CONGRESO
Número de clasificación NK1105
Número de documento/Ítem .G83 1944
100 1# - ENTRADA PRINCIPAL--NOMBRE DE PERSONA
Nombre de persona Gual, Enrique F.
Fechas asociadas al nombre 1907-1973
9 (RLIN) 1565
245 10 - MENCIÓN DE TÍTULO
Título Las artes decorativas y su aplicación
Mención de responsabilidad, etc. Enrique F. Gual.
260 ## - PUBLICACIÓN, DISTRIBUCIÓN, ETC.
Lugar de publicación, distribución, etc. México
Nombre del editor, distribuidor, etc. Leyenda
Fecha de publicación, distribución, etc. 1944
300 ## - DESCRIPCIÓN FÍSICA
Extensión 156 p.
Otras características físicas il.
Dimensiones 19 cm.
440 #0 - MENCIÓN DE SERIE/PUNTO DE ACCESO ADICIONAL--TÍTULO
Título Colección Atalaya
Número de parte o sección de la obra 20
9 (RLIN) 7047
650 14 - PUNTO DE ACCESO ADICIONAL DE MATERIA--TÉRMINO DE MATERIA
Término de materia o nombre geográfico como elemento de entrada Arte decorativo
9 (RLIN) 2280
650 14 - PUNTO DE ACCESO ADICIONAL DE MATERIA--TÉRMINO DE MATERIA
Término de materia o nombre geográfico como elemento de entrada Decoración de interiores
9 (RLIN) 6140
650 14 - PUNTO DE ACCESO ADICIONAL DE MATERIA--TÉRMINO DE MATERIA
Término de materia o nombre geográfico como elemento de entrada Decoración y ornamentación
Subdivisión general Historia
9 (RLIN) 1924
942 ## - ELEMENTOS DE PUNTO DE ACCESO ADICIONAL (KOHA)
Fuente del sistema de clasificación o colocación Library of Congress Classification
Tipo de ítem Koha Libros
Holdings
Estado de retiro Estado de pérdida Estado dañado No para préstamo Localización permanente Ubicación/localización actual Fecha de adquisición Total de préstamos Signatura topográfica completa Código de barras Fecha visto por última vez Precio válido a partir de Tipo de ítem Koha
El ejemplar forma parte de la colección y puede ser consultado según las políticas vigentes.       Biblioteca del Museo Franz Mayer (Rogerio Casas-Alatriste) Biblioteca del Museo Franz Mayer (Rogerio Casas-Alatriste) 09/10/2008   NK1105 .G83 1944 01805 22/03/2019 22/03/2019 Libros